00461 a2200169 450000100060000008200140000609000170002010000200003724500240005725000080008126000280008930000100011750000270012794200230015499900190017795200950019685500 a658.1 COL c40150d40149 aDavid Collinson aLeadership (Vol-II) a1st aLos AngelesbSAGEc2011 a389p. aDOS BS Reference Books acaenustk658.1 COL c320573d320573 001040708NFICaCAEbCAEd2017-04-03l0o658.1 COLpCAE84545r2017-04-05w2017-04-05yBK